| 000 | 00497nam a2200193Ia 4500 | ||
|---|---|---|---|
| 005 | 20250423095701.0 | ||
| 008 | 250422s9999 xx 000 0 und d | ||
| 020 | _a9780205779970 | ||
| 050 | _aJA 81 .I34/ | ||
| 100 | _aBall, Terence | ||
| 245 | 0 | _aIdeals and ideologies : a reader | |
| 250 | _a8th ed. | ||
| 260 | _aBoston | ||
| 260 | _bPearson | ||
| 260 | _c2011 | ||
| 300 | _a500 p | ||
| 650 | _aPolitical science--History. Ideology. Right and left (Political science) | ||
| 942 | _cBK | ||
| 999 |
_c31020 _d31020 |
||